Ritmo etc

Gespeichert in:
Bibliographische Detailangaben
1. Verfasser: Cage, John (VerfasserIn)
Format: Buch
Sprache:Spanisch
Veröffentlicht: Buenos Aires Interzona Editora 2016
Ausgabe:1a. ed
Schlagworte:
Tags: Tag hinzufügen
Keine Tags, Fügen Sie den ersten Tag hinzu!

MARC

LEADER 00000cam a2200000 a 4500
001 UCC9968
003 CL-VaPUC
005 20250221145613.0
008 191129e20160000ag spa d
020 |a 9789873874437 
082 0 4 |a 818  |b CAG  |2 21 
100 |a Cage, John  |e author  |9 457429 
245 1 0 |a Ritmo etc 
250 |a 1a. ed 
260 |a Buenos Aires  |b Interzona Editora  |c 2016 
300 |a 224 p 
583 |a last modification  |c 20191129 11:37:00  |k cmena 
650 0 7 |a POESIAS ESTADOUNIDENSES  |2 CL-VaPUC  |9 605273 
650 0 0 |a Literatura estadounidense  |9 317168 
650 0 0 |a Literatura Vanguardista  |9 341292 
650 0 0 |a Diarios   |9 420844 
942 |c BK 
945 |a dcastane  |d 20191129 11:37:00 
999 |c 295122  |d 295120 
952 |0 0  |1 0  |3 erb  |4 0  |6 818_000000000000000_CAG_2016  |7 0  |8 R  |9 495576  |a BIBART  |b BIBART  |d 2019-11-22  |e 4  |g 18000.00  |i 5566169  |o 818 CAG 2016  |p 5566169  |r 2025-03-13  |t 1  |w 2020-01-06  |y BK_R  |z Catalogado en:20191129  |k ART